Allgeimeinwissen - Statistiken

Allgemein
  • Dieses Quiz wurde 281 mal gespielt
  • Das Durchschnittsergebnis liegt bei 8 aus 15
Antwortstatistiken
Tipp Antwort % Korrekt
Wie heißt der jetzige Präsident der USA? Donald Trump
99%
Wie heißt die Hauptstadt von Spanien? Madrid
99%
Was ist der längste Fluss der Welt? Der Nil
81%
Wie heißt die Währung in Japan? Yen
81%
Wo stehen die Pyramiden von Gizeh? Ägypten
73%
Wer hat die Schwerkraft entdeckt? Isaac Newton
71%
Wer gewann den kalten Krieg? USA
71%
Was ist die Hauptstadt von Australien? Canberra
63%
Wann war der 2.Weltkrieg? 1939-1945
59%
Wer hat Amerika entdeckt? Columbus
54%
Wie hieß der Garten aus Adam und Eva? Der Garten Eden
36%
Für was steht CO²? Kohlenstoffdioxid
21%
Wie heißt die Grenze in Istanbul die Europa von Asien teilt? Bosporus
17%
Welches ist das größte Meer? Der Pazifische Ozean
3%
Für was steht die Abkürzung NATO? National Atlantic Treaty Organization
0%
Keine übereinstimmenden Quizze gefunden
Verteilung der Resultate
Anzahl Personen mit jedem Resultat
Perzentil nach korrekt beantworteten Fragen
Ihre Resultats-Entwicklung
Sie haben dieses Quiz noch nicht gespielt